Diagnóstico de la inmigración nicaragüense en seis asentamientos informales del Area Metropolitana de San José
Guardado en:
| Institution som forfatter: | |
|---|---|
| Format: | Texto |
| Sprog: | Spanish |
| Udgivet: |
San José:
FUPROVI
|
| Fag: | |
| Tags: |
Tilføj Tag
Ingen Tags, Vær først til at tagge denne postø!
|
MARC
| LEADER | 00000 a a2200000 04500 | ||
|---|---|---|---|
| 001 | 31367 | ||
| 003 | cru CIDCACS/IIS | ||
| 005 | 20200925160539.0 | ||
| 008 | 181024b ||||| |||| 00| 0 spa d | ||
| 999 | |c 13545 |d 13545 | ||
| 020 | |a 9968-758-45-0 | ||
| 040 | |c CRAI/IIS |a CRAI/IIS | ||
| 090 | |a 14.07.01 D981f | ||
| 110 | |a FLACSO | ||
| 245 | |a Diagnóstico de la inmigración nicaragüense en seis asentamientos informales del Area Metropolitana de San José | ||
| 260 | |a San José: |b FUPROVI | ||
| 300 | |a 108 p. |b il. |b |b map. | ||
| 650 | |a MIGRANTES | ||
| 650 | |a ASIMILACION DE MIGRANTES | ||
| 650 | |a INDICADORES SOCIALES | ||
| 650 | |a DIAGNOSTICO | ||
| 650 | |a INTEGRACION SOCIAL | ||
| 650 | |a INTEGRACION CULTURAL | ||
| 650 | |a CONDICIONES DE VIDA | ||
| 650 | |a CONDICIONES SOCIALES | ||
| 650 | |a ACCESO A LA SALUD | ||
| 650 | |a ACCESO A LA EDUCACION | ||
| 650 | |a OPORTUNIDADES DE EMPLEO | ||
| 650 | |a CONDICIONES DE TRABAJO | ||
| 650 | |a CALIDAD | ||
| 650 | |a ESTADISTICAS DEMOGRAFICAS | ||
| 650 | |a POBLACION | ||
| 650 | |a CENSOS DE POBLACION | ||
| 650 | |a ASENTAMIENTOS HUMANOS | ||
| 650 | |a PROBLEMAS SOCIALES | ||
| 650 | |a POBREZA | ||
| 650 | |a OPORTUNIDADES DE EMPLEO | ||
| 650 | |a CONDICIONES DE VIVIENDA | ||
| 942 | |2 ddc |c LI | ||



